Ninjago Characters - Statystyki

Ogólne statystyki
  • Ten quiz został rozwiązany 32 razy
  • Średni wynik to 49 z 156
Statystyki odpowiedzi
Hint Odpowiedź % Poprawnych
mistrz ziemi cole
96%
mistrz błyskawic jay
96%
mistrz ognia kai
96%
lord ciemności garmadon
92%
mistrz energii lloyd
92%
jego siostra nya
92%
sensei ninja wu
92%
mistrz lodu zane
92%
zamaskowanymotocyklista pan e
88%
czteroręki generałszkieletów samukai
83%
ich matka maya
79%
ich ojciec ray
79%
jego matka lilly
75%
jego matka misako
75%
jego przyjaciel (zwierze) sokół
75%
mistrz klusek i turniejużywiołów chen
71%
brązowy ninja dareth
71%
jego adoptowany ojciec ed
71%
jego adoptowana matka edna
71%
jego ojciec dr julien
67%
jego robotyczna asystentka pixal
67%
anakondowiec pythor
67%
generał hipnokobr skales
67%
dziecko generałahipnokobr skales jr
67%
mistrz wiatru morro
63%
wielki wąz uwolnionyprzez wężony pozeracz swiatow
63%
dżin nadakhan
58%
mistrzyni bursztynu skylor
58%
niepełnosprawnywynalazca i inżynier cyrus borg
54%
mistrz metalu karlof
54%
kapitan piratów soto
54%
mistrz dymu ash
50%
jego zastępca i doradca clouse
50%
największe złow ninjago mrocznywladca
50%
mistrzyni trucizny tox
50%
młodszy bliźniak czasu acronix
46%
generał ninjadroidów cryptor
46%
jadeitowa księżniczka harumi
46%
mistrz dźwięku jacob
46%
starszy bliźniak czasu krux
46%
osoba która stworzyłaninjago pierwszymistrz spinjitzu
46%
łowca nagród ronin
46%
szalona motocyklistka ultra violet
46%
generał jadozębów acidicus
42%
wężowa szamanka aspheera
42%
mistrz natury bolobo
42%
mistrz grawitacji gravis
42%
generał kamiennej armii kozu
42%
fioletowy ninja nelson
42%
mistrz umysłu neuro
42%
przywódca łowcówsmoków zelazny baron
42%
mistrz szybkości griffin turner
38%
potwór z przeklętej krainy jej znakomitosc
38%
jego syn kalmaar
38%
właścicielka sklepuz herbatą mistake
38%
unikalna ambitna gramłodzieżowa numer jeden unagami
38%
genera wężowampirów fangtom
33%
duży motocyklista killow
33%
generał szkieletów 1 kruncha
33%
jego ojciec lou
33%
przywódca Oni omega
33%
doradca lodowegocesarza vex
33%
mistrz nauk airjitzu yang
33%
sam nauczył się spinjitzu arin
29%
cesarzowa imperium beatrix
29%
tygrysi gość lord ras
29%
mistrz światla paleman
29%
wielka i przerażająca psia kostka
29%
generał dusicieli skalidor
29%
mistrzyni technologii sora
29%
mistrzyni fal uderzeniowych zeatrix
29%
mistrz cienia cien
25%
jego biologiczny ojciec cliff gordon
25%
zły na skrzydłach czaszkoksieznik
25%
jego zastępca heavy metal
25%
nemezis any jordana
25%
pewna małpa malpi klucz
25%
przestępca w kapeluszu mechanik
25%
ściga się na wyścigach numer 7
25%
przewodnik i samurai okino
25%
król shintaro vangelis
25%
jego córka vania
25%
morski wąż wojira
25%
dziewczyna czy wilk akita
21%
gazeciara antonia
21%
generał anakondowców arcturus
21%
nowy mistrz dymu cinder
21%
znakomity komik dorama
21%
reporterka ninjago tv gale
21%
łowca z plecakiemodrzutowym jetjack
21%
dowódczyni węży machia
21%
poszukiwacz przygód max powers
21%
mistrz brutalnej siły nokt
21%
generał szkieletów 2 nuckal
21%
mistrzyni strachu rox
21%
jego adoptowany syn benthomaar
17%
jego wujek bleckt
17%
jej doradca char
17%
mistrz roju drix
17%
smoczy mistrz egalt
17%
nowa mistrzyni wiatru euphrasia
17%
pomógł komuś w królestwie chmur fenwick
17%
mistrz wstrząsów frak
17%
gromowładny smok chaosu kielogrzmot
17%
mistrzyni zguby kur
17%
oko i dwie ręce lobo
17%
twórca gry wspaniałeimperium milton dyer
17%
organizator turnieju źródeł roby
17%
mistrz nieszczęścia zarkt
17%
łowca bez nóg beznogi
13%
jej smok chrupek
13%
postać o dwóch twarzach doubloon
13%
naukowczyni w imperium dr larow
13%
czarownica z mysterium gandalaria
13%
włada kryształami krysztalowy krol
13%
matoł murt
13%
mały smok riyu
13%
smocza mistrzyni rontu
13%
pierwszy który zagrałw grę scott
13%
miły wąż clancee
8%
chłopak czy niedźwiedź kataru
8%
umie się mnożyć lee
8%
pierwszy przywódcahipnokobr mambo 5
8%
przywódca wyspiarzy mammatus
8%
żaba pan frohicky
8%
2 zastępca raggmunk
8%
uwielbia jednorożce rapton
8%
przywódczyni wioski sorla
8%
przywódca dragonów tyr
8%
mistrzyni żaru wyldfyre
8%
generał szkieletów 3 wyplash
8%
jego pająk adam
4%
zaginiony tata barry
4%
1 zastępca blunck
4%
kościane zaklęcie bonzle
4%
uczeń ze szkoły dla nikczemnych dzieci brad
4%
członek klubu podróżnika cecil
4%
mistrzyni przemian chamielle
4%
mistrz syntezy geo
4%
gadźik gleck
4%
zbuntowany lodowydowódca grimfax
4%
wojownik z toporem korgran
4%
czerwony irokez i ogień panna wystepna
4%
żona generała hipnokobr selma
4%
potężne stworzenia smoki zrodla
4%
nowy dżin arrakore
0%
jest ciekawski ale głupi ciekwaski george
0%
jego zastępca flintloucke
0%
więzień ze skrzydłami fugidove
0%
zna magię i czary fungus
0%
szeryf hounddog mcbragg
0%
zaginiona mama jenny
0%
ojciec dżina khanjikhan
0%
pracuje na złomowisku kreel
0%
złodziej i włamywacz plundar
0%
przywódca merlopii trimaar
0%
Nie znaleziono quizów pasujących do podanych kryteriów
Rozkład punktacji
Procent ludzi z każdym wynikiem
Percentyl według liczby udzielonych odpowiedzi
Twoja historia wyników
Nie rozwiązałeś tego quizu